Model nákladovej matice

Na minha lista:
Detalhes bibliográficos
Autor principal: Peller, František
Outros Autores: Sakálová, Katarína, 1955-
Formato: Capítulo de Livro
Idioma:eslovaco
Tags: Adicionar Tag
Sem tags, seja o primeiro a adicionar uma tag!

MARC

LEADER 00000naa$a2200000$$$4500
001 0094505
005 20240502072042.4
041 0 |a slo 
044 |a SK 
245 1 0 |a Model nákladovej matice  |c František Peller, Katarína Sakálová 
100 1 |a Peller, František 
700 1 |a Sakálová, Katarína, 1955-